00503nam a22001577a 450000500170000001000130001702000230003003500130005303700240006608200120009024501180010226000410022027000360026130000220029770000260031920190916153957.0 aB-125542 a8180542718c125.00 aB-125542 bSultan Chand & Sons a657.834 aIntroduction to engineering economics and financial accounting/cK Seenivasagam and R. Sivarethina MohanhEnglish aNew DelhibSultan Chand & Sonsc2005 a23, DaryaganbNew Delhie110002 a312p.bill.c24cm aMohan, R. Sivarethina